000 01251cam a22002294a 4500
005 20250926103705.0
020 _a9789987080076
_cTZS 37000/=
040 _aMCCL
_beng.
082 _a345.01 CHI
100 1 _aChipeta, B. D.
245 1 2 _aA handbook for public prosecutors /
_cB.D. Chipeta.
250 _a3rd ed.
260 _aDar es Salaam:
_bMkuki Na Nyota Publishers,
_cc2009.
300 _axii, 287 p. ;
_c24 cm.
504 _aIncludes bibliographical references and index.
520 _aThis is the third edition of A Handbook for Public Prosecutors. It takes into account multiple changes in the Tanzania law since publication of the first and second editions in 1978 and 1982 respectively, and the new Criminal Procedure Act of 1985. A Handbook for Public Prosecutors is written primarily for Public Prosecutors. However, it is sufficiently comprehensive to be useful to those who are fresh on the Bench or the Bar, and to investigators of crime, as well as to those who are required to do examinations in Criminal Law, Criminal Procedure and the Law of Evidence in order to advance in
546 _aeng.
650 0 _aPublic prosecutors
_zTanzania.
650 0 _aCriminal procedure
_zTanzania.
700 _aChipeta, B. D.
942 _cBK
999 _c11234
_d11234